| 000 | 00737nam a2200241Ia 4500 | ||
|---|---|---|---|
| 005 | 20250425162630.0 | ||
| 008 | 250425s9999 xx 000 0 und d | ||
| 020 | _a9978988000 | ||
| 041 | _aspa | ||
| 082 | _a986.600 4 | ||
| 100 | _aECHEVERRIA ALMEIDA, JOSE | ||
| 245 | 0 | _aLAS SOCIEDADES PREHISPANICAS DE LA SIERRA NORTE DEL ECUADOR: UNA APROXIMACION ARQUEOLOGICA Y ANTROPOLOGICA | |
| 250 | _a1A ED. | ||
| 260 |
_aEcuador _bUNIVERSIDAD DE OTAVALO/INSTITUTO OTAVALEÑO DE ANTROPOLOGIA _c2004 |
||
| 260 | _aQUITO | ||
| 300 | _a378 | ||
| 500 | _aSERIE I PERSPECTIVA HISTORICA, VOLMEN 1 | ||
| 650 | _aARQUEOLOGIA-ECUADOR | ||
| 650 | _aOTAVALO PREHISPANICO | ||
| 650 | _aSIERRA ECUATORIANA | ||
| 942 | _c01 | ||
| 010 | _a91579 | ||
| 999 |
_c233259 _d233259 |
||